00897nam a2200217Ia 4500003000900000008004100009020002200050040001600072080001600088100002600104245014600130260002500276300001400301650006500315650003300380650004400413650006100457942000700518999001700525952013700542IN-BaIIA211028s9999 xx 000 0 eng d a978-0-3491-2367-7 cIIA Library a530.12bFER aFerreira, P. G936607 4aThe perfect theoryba century of geniuses and the battle over general relativitycP. G Ferreira  aLondonbAbacusc2015 axv, 300p. aGeneral relativity (Physics) - history - 20th century936608 aPhysicists - biography95694 aPhysics - history - 20th century925246 aScience - social aspects - history - 20th century936609 cBK c19178d19178 00104070aBANbBANcGENd2016-03-01eANJ g12740.00l0o530.12/ FERp20100r2021-11-05v12740.00w2016-03-01yBKGRs. 12740.00